Normal view MARC view

Entry Personal Name

Number of records used in: 3

001 - CONTROL NUMBER

  • control field: 12407

003 - CONTROL NUMBER IDENTIFIER

  • control field: OSt

005 - DATE AND TIME OF LATEST TRANSACTION

  • control field: 20191022121639.0

008 - FIXED-LENGTH DATA ELEMENTS

  • fixed length control field: 191022|| aca||aabn | a|a d

040 ## - CATALOGING SOURCE

  • Original cataloging agency: OSt
  • Transcribing agency: OSt

100 ## - HEADING--PERSONAL NAME

  • Personal name: India.Ministry of Environment and Forests

670 ## - SOURCE DATA FOUND

  • Source citation: Work cat.: (OSt): India.Ministry of Environment and Forests, Report of the High Level Working Group on Western Ghats

Powered by Koha